| 000 | 01104cab a2200205 4500 | ||
|---|---|---|---|
| 001 | ABS68868 | ||
| 008 | 050324n2005 000 0 eng u | ||
| 035 | _a(Sirsi) u129177 | ||
| 100 | _aNeil-Gallacher, Ettie | ||
| 245 | 3 | _aAn asset for managers | |
| 260 | _c2005 | ||
| 490 |
_aProperty Week _v 70(10) 11 March 2005, 89-90(2) |
||
| 520 | _aReviews the RICS guidelines "Asset management in local authorities". States they are designed to promote best practice in property management by local authorities and are aimed at both property and non-property professionals. They set out a methodology to help local authorities use the economic and service potential of their properties. Aims to be a toolkit for actually managing assets with practical advice. Concludes the guidelines will provide constructive help to local authorities and will promote closer interaction between property and other local authority resources. | ||
| 590 | _aABS | ||
| 650 | _aLOCAL AUTHORITIES | ||
| 650 | _aPROPERTY ASSET MANAGEMENT | ||
| 650 | _aPROPERTY ASSETS | ||
| 690 |
_aPROPERTY MANAGEMENT _96262 |
||
| 942 | _n0 | ||
| 999 |
_c74978 _d74978 |
||